Visualizzazione normale
Vista MARC
- Commissione famiglia. Gruppo fidanazati
di Personal Name
Records bibliografici associati: 1
001 - CONTROL NUMBER
- control field: 62278
003 - CONTROL NUMBER IDENTIFIER
- control field:
005 - DATE AND TIME OF LATEST TRANSACTION
- control field: 20250617150630.0
008 - FIXED-LENGTH DATA ELEMENTS
- fixed length control field: 250617|| aca||aabn | a|a d
040 ## - CATALOGING SOURCE
- Original cataloging agency:
- Transcribing agency:
100 ## - HEADING--PERSONAL NAME
- Personal name: Commissione famiglia. Gruppo fidanazati
670 ## - SOURCE DATA FOUND
- Source citation: Work cat.: ()206476: Commissione famiglia. Gruppo fidanazati, Riflessione per fidanzati. Anno A, 1989